00729nam a2200229Ia 4500008004100000041001200041082002600053100002200079245004000101260003700141300000800178365000700186520001200193546001200205630004000217650001200257655001200269730004000281942000900321999001900330952015000349101110s9999 xx 000 0 und d aMARATHI bSR24628a891.4611 009 aBendre V.C. (Ed.) aSant Tukaramache aprakashit abhanga c2003bContinetal Prakashan, Pune a127 b50 aMarathi aMARATHI aSant Tukaramache aprakashit abhanga aMarathi aMarathi aSant Tukaramache aprakashit abhanga cBOOK c817294d817291 00104070aDBJbDBJc12Ad0000-00-00eSugava Prakashan, Pune,bill 6545/11-8-2003g50.00j1l0pDBJSR24628r2010-11-11 00:00:00w2010-11-11yBOOK